[Event "Euwe Intern 05/06"]
[Site "?"]
[Date "2006.03.02"]
[Round "3.2"]
[White "Witt, Rob"]
[Black "van der Hoeven, Gertjan"]
[Result "1/2-1/2"]
[WhiteElo "2247"]
[BlackElo "2272"]
[Annotator "Witt"]
[PlyCount "55"]

{We begonnen met een kwartiertje vertraging dus allebei 7' minder. Het gebeurt
niet vaak dat eide spelers na 5 zetten uit hun theorie zijn, maar hier was dat
het geval.} 1. Nf3 c5 {Aha, geen KID deze keer.} 2. c4 {Bovenaan het lijstje
van Fritz staat 2.e4! +0.71. Kennelijk heeft Fritz geen hoge pet op van het
Siciliaans. Dat doet me denken aan een oude uitspraak van Frans Borm: tegen 1.
e4 zal uiteindelijk alleen 1.....e5 standhouden en heel misschien het Frans.}
Nf6 3. Nc3 Nc6 4. g3 d5 5. d4 {Deze op zich verrassende zet is dankzij Kramnik
eind jaren tachtig populair geworden. Vroeger werd uitsluitend 5.cxd5 gespeeld.
Gertjan was hier al uit zijn theorie.} Bg4 $5 {12' En hier was ik uit mijn
theorie. De tekstzet is zeer ongebruikelijk maar lijkt me heel goed speelbaar.
De hoofdvarianten gaan verder met} (5... e6 {o.a. 2 partijen Kramnik-Lautier,
Horgen 1995 en Belgrado 1995.}) (5... cxd4 {o.a. de prachtige partij
Kramnik-Timman, Wijk aan Zee 1999.}) (5... dxc4 {Fritz vindt dat zwart hier al
beter staat, maar dit is juist de variant waar wit op hoopt.} 6. d5 Nb4 7. e4
Bg4 8. Bxc4 Bxf3 9. Qxf3 Nc2+ 10. Kf1 Nxa1 $17 {volgens Fritz nog steeds goed
voor zwart.} 11. e5 a6 (11... Nd7 $2 12. e6 $18) 12. exf6 Nc2 (12... exf6 13.
Kg2 $16 {Volgens Tal.}) ({Onbekend is de suggestie van Fritz} 12... gxf6 {
maar hij geeft toe dat wit inmiddels iets beter staan na} 13. d6 $1)) 6. Bg2 {
10' Dit moet wel de juiste zet zijn.} ({Ik keek alleen nog even naar} 6. Ne5 {
maar dat leek me niks na} Nxe5 $5 $146 ({Bekend is nog} 6... cxd4 7. Nxc6 bxc6
8. Qxd4 Qb6 $11 {Jukic-Pinter, Tucepi 1996 (31.1/2-1/2)}) 7. dxe5 d4 {en ik
zag niet wat ik hier zou moeten spelen.}) ({Verder is} 6. cxd5 Bxf3 ({Waarom
niet} 6... Nxd5 $5) 7. exf3 Nxd5 8. Bb5 e6 {onduidelijk volgens Ribli.}) 6...
Bxf3 {15' Achteraf gaf Gertjan de voorkeur aan} (6... dxc4 {Het lijkt me goed
speelbaar na bijv.} 7. d5 Bxf3 8. Bxf3 {Khalifman in "According to Kramnik II",
volstaat hier met de dooddoener dat wit goede compensatie heeft voor de pion.}
Nd4 9. Bg2 Qd7 {maar niet noodzakelijkerwijs beter dan wat Gertjan speelde.} ({
of} 9... Qa5)) 7. Bxf3 dxc4 $146 {18'. De eerste nieuwe zet en volgens mij
beter dan slaan op d4 wat nog bekend was.} (7... Nxd4) (7... cxd4) 8. Qa4 $2 {
14' Dat slaat nergens op.} ({Na afloop gaven we allebei de voorkeur aan} 8.
Bxc6+ bxc6 {maar het valt tegen. Wit heeft hier niks.}) ({Dat zou dan beteken
dat ik toch had moeten kiezen voor} 8. d5 {wat leidt tot de variant met 6...
dxc4. Kortom, dit zijvariantje lijkt goed speelbaar voor zwart. Vreemd dat er
maar een handjevol partijen mee gespeeld is.}) 8... Qd7 $2 {20'} ({Veel
sterker is} 8... cxd4 9. Bxc6+ bxc6 10. Qxc6+ Nd7 11. Nb5 Rc8 {met groot
voordeel voor zwart.}) 9. Bxc6 $2 {18'. Alweer een rotte.} ({Ik dacht dat} 9.
dxc5 {niet kon wegens} Nd4 {maar} 10. Qxd7+ Nxd7 11. Bxb7 Rd8 12. c6 Nc2+ (
12... Nc5 13. c7 Nxb7 14. cxd8=Q+ Nxd8 15. Kd1 $18) 13. Kd1 Nxa1 14. c7 {
is heel goed voor wit.}) 9... Qxc6 10. Qxc6+ bxc6 {Dit eindspel, of liever
middenspel zonder dames, is moeilijk voor wit.} 11. dxc5 e6 $6 {25' Dit geeft
misschien wel het grootste deel van het voordeel weg. Beter was} (11... Rb8 $1
{en wit heeft geen tijd voor de opstelling met Pa4 en a3 zoals in de partij.})
12. Na4 Rb8 13. a3 Rb5 {34'} 14. Be3 $2 {25'} ({Noodzakelijk was} 14. Bd2 Bxc5
({Ik had het nagelaten wegens} 14... Ne4 {maar dan is} 15. Rc1 {niet aan
gedacht!} Nxc5 16. Nxc5 Rxc5 17. a4 $1 {goed speelbaar voor wit.}) 15. Rc1 ({
Niet goed is} 15. Nxc5 Rxc5 16. Rc1 Rb5 17. Rxc4 Rxb2 18. Rxc6 Kd7 19. Rc4 Rc8
20. Rd4+ Ke8 21. O-O Ra2 $17) 15... Bd4 16. Bc3 {en er lijkt niet zoveel aan
de hand.}) 14... Nd5 {43'} ({Ik was hier heel bang voor} 14... Ra5 $5 {Een zet
die ik volkomen gemist had. Gertjan zei dat hij hem wel gezien had, maar dacht
dat zijn zet nog beter was. Waarschijnlijk heeft hij gelijk.} 15. Nc3 Bxc5 {
Misschien heeft zwart hier betere zetten.} 16. Bxc5 Rxc5 17. Rc1 Ke7 18. Na4 {
gevolgd door slaan op c4 en de schade lijkt mee te vallen voor wit.}) 15. Bd2
$1 {29' Gertjan had alleen rekening gehouden met} (15. Bd4 $6 {waarop hij} f6 {
van plan was. Eerst Ta5 is denk ik nog sterker.}) 15... Bxc5 {1.04'} (15... c3
{levert niks op wegens} 16. bxc3 Ra5 17. Nb2 $1 {Die had ik (nog) niet gezien
tijdens de partij.} (17. c4 Rxa4 18. cxd5 exd5 19. O-O Kd7 $15) 17... Rxc5 18.
c4) 16. e4 {53' Na lang nadenken waarscheijnlijk de beste, vonden we beiden
achteraf.} Nf6 {1.08'} 17. Nxc5 Rxc5 18. f3 Rb5 $1 {anders komt a4!} 19. Bc3 {
Het juiste plan. Zo snel mogelijk a3-a4-a5 en Ta1-a4xc4.} Ke7 {1.14'} 20. a4 $1
{Nog 26' over} Rb3 {Nog 12'} 21. a5 Rhb8 22. Kd2 {22'} (22. O-O) 22... Nd7 {10'
} 23. Ra4 Rxb2+ {8' Zwart maakt gauw remise want nog even en wit staat beter.}
24. Bxb2 Rxb2+ 25. Ke3 {17'} Rb3+ 26. Ke2 Rb2+ 27. Ke3 Rb3+ {3'} 28. Ke2 {
12' We hebben na afloop niet met een bord geanalyseerd maar onder het genot
van wat pilsjes aan de bar de partij doorgenomen. Onze overall indruk was dat
we een redelijk correcte partij gespeeldhadden?!?!?} 1/2-1/2

[Event "Krimpen-Euwe 21/2-51/2"]
[Site "?"]
[Date "2006.03.04"]
[Round "7"]
[White "Witt, Rob"]
[Black "Harmsen, Jessica"]
[Result "1-0"]
[WhiteElo "2247"]
[BlackElo "2099"]
[Annotator "Witt,Rob"]
[PlyCount "77"]
[EventDate "2006.02.05"]

{Krimpen aan de IJsel - Euwe 21/2-51/2. Opnieuw een ruime overwinning voor ons
eerste. Het ging echter moeizamer dan de uitslag doet vermoeden. Gertjan stond
verloren, maar wist nog remise uit het vuur te slepen en ikzelf kreeg de
overwinning cadeau na slecht gestaan te hebben. Nu had ik de vorige ronde
tegen een andere Harmsen (van HSG II) nogal ongelukkig verloren, maar dat werd
deze ronde weer goed gemaakt. Blijft nog staan een ongelukkige nul tegen DD,
dus ik reken nog op een gelukje in een van de laatste twee ronden.} 1. Nf3 f5 {
Ik had me helaas niet op haar voorbereid, anders had ik kunnen weten dat ze
altijd Hollands speelt.} 2. d3 $5 {In afwezigheid van onze strenge teamleider
Sander besloot ik te experimenteren. Dat was gebaseerd op een recensie die ik
onlangs gelezen had van "the Leningrad System" van Kindermann. In het laatste
hoofdstuk wordt 1.Pf3 f5 2.d3! behandeld. Kindermann schijnt dit zo goed te
vinden dat hij Leningradspelers aanbeveelt om 1.Pf3 te beantwoorden met d6.
Helaas weet ik verder niet waarom dit systeem zo goed is voor wit, afgezien
van een geweldige overwinning van Magnus Carlsen op Dolmatov.} Nf6 ({Ik dacht
dat} 2... d6 {beter is. Mijn tegenstander blijkt dat ook eerder gespeeld te
hebben.}) 3. e4 d6 {8'} ({Aanname van het gambiet is zeer gevaarlijk voor
zwart.} 3... fxe4 4. dxe4 Nxe4 5. Bd3 Nf6 6. Ng5 g6 7. h4) 4. e5 {10' Dit leek
me de meest logische zet en blijkt ook gespeeld door toppers als Dvoretski en
Speelman.} ({Toch is er ook iets te zeggen voor} 4. exf5 Bxf5 5. d4 {zoals
bijv. Mamedyarov gespeeld heeft.}) 4... dxe5 {15'} 5. Nxe5 Qd4 {29' Na lang
nadenken een zo op het oog eigenaardige zet. De bedoeling zal zijn om d4 of
Lf4 te verhinderen.} ({Logischer en vaker gespeeld is} 5... Nbd7 {Bovenaan het
partijenoverzicht van Chessbase prijkt nu een simultaanpartij van Botwinnik
tegenEtmans!} 6. Bf4 ({Beter is waarschijnlijk} 6. f4) 6... Nxe5 ({Wat is er
eigenlijk mis met} 6... Nd5 7. Qf3 (7. Qh5+ $2 {werkt niet} g6 8. Nxg6 N7f6 $19
) 7... Nxf4 8. Qxf4 Nxe5 9. Qxe5 Qd6 {Het lijkt me niet dat wit hier wat heeft.
}) 7. Bxe5 e6 8. Nc3 Bd6 9. Qe2 O-O 10. O-O-O {En ook hier lijkt wit weinig te
hebben. Botvinnik-Etmans, Netherlands 1958 (33.1/2-1/2)}) 6. Qe2 {21'} ({
In een vluggertje zou ik a tempo het natuurlijke en betere} 6. Nf3 {gespeeld
hebben. Jessica had daarop gepland} Qb6 {om de ontwikkeling van Lc1 te
verhinderen, maar wit moet beter staan na} 7. d4 $14) 6... Nbd7 {37'} 7. Nxd7
$2 {27'} ({En ook hier was het natuurlijke} 7. Nf3 {veel beter geweest. Ik zat
duidelijk niet in de partij. Misschien kwam het omdat ik 20' voor aanvang drie
broodjes had besteld. Pas toen we begonnen waren kwam er een bord met drie
grote stukken stokbrood die ik met enige moeite naar binnen werkte, waarna ik
wat melig achter het bord zat.}) 7... Bxd7 8. Nd2 e6 {50'} ({Ik dacht dat ik
e5 verhinderd had, maar dat blijkt toch mogelijk. Althans Fritz vindt het
speelbaar na} 8... e5 9. Nf3 Bb4+ $1 {Dit idee mis ik ook in de partij.} 10.
Kd1 Qd6 11. Qxe5+ Kf7 12. Qxd6 Bxd6 13. h3 Rhe8 {en zwart heeft inderdaad wel
compensatie voor zijn pion.}) 9. Nc4 $2 {35' Als ik het zwarte antwoord had
gezien, zou ik gekozen hebben voor} (9. c3 Qd5 10. Nc4 {met onduidelijke
stelling.}) 9... Bb4+ {59' Totaal gemist.} 10. Bd2 ({Niet mogelijk is} 10. c3
$2 Bxc3+ 11. bxc3 Qxc3+ 12. Qd2 Qxa1 {en er is geen sprake van damevangst of
andere compensatie.}) 10... Bxd2+ 11. Qxd2 e5 $5 {1.26 Zwart heeft inmiddels
al bijna 11/2 uur verbruikt (Visser is er niks bij) maar staat dan ook ietsje
beter.} 12. c3 {48'} Qd5 13. f4 $2 {51' Nu kom ik duidelijk slechter te staan.}
({Ook hier was mijn eerste gedacht weer beter.} 13. Qe2 e4 {Waarschijnlijk de
beste. We bekeken na afloop alleen varianten met korte of lange rokade, maar
die vielen tegen voor zwart.} 14. dxe4 (14. O-O-O b5 $5) 14... fxe4 15. Ne3 $15
{en ik sta nog een beetje.}) 13... exf4 14. Qxf4 O-O $17 {1.34'} 15. Ne3 $2 {
58'} ({Relatief het beste was} 15. d4 Rae8+ 16. Ne5 Kh8 17. Be2 Qxg2 18. Qf3
$17) 15... Rae8 16. Kd2 Qe6 $6 {1.45'} ({Nog sterker was} 16... Qa5 $1) 17. Qc4
{60' Na dameruil heb ik meer verdedigingskansen. Zeker met het oog op de
komende tijdnoodfase.} f4 18. Qxe6+ Bxe6 19. Nc2 Bd5 {over 14'.} 20. c4 {
1.04', over 56'.} (20. Nb4 f3 21. Nxd5 Nxd5 22. gxf3 Rxf3 {leek me niks.})
20... Bc6 21. Nd4 Bd7 22. Be2 $6 (22. b4 $1 $15) 22... c5 23. Nb3 b6 24. Rae1 {
53'} Re3 $2 {11' Een fout die het voordeel weggeeft. We dachten na afloop
zelfs dat het heel slecht was g3! met pionwinst. Maar dat blijkt mee te vallen.
} (24... a5 $17) 25. Bf3 $6 {51' profiteert niet.} (25. g3 $1 Ng4 $1 26. gxf4
Rh3 27. Ref1 Rf6 (27... Rd8 $5)) 25... Rfe8 26. Rxe3 {48' Torens ruilen leek
me het veiligst, maar het is de vraag of dat waar is.} ({Misschien kan wit
remise maken met} 26. d4 Ne4+ 27. Bxe4 R3xe4 28. Rxe4 Rxe4 29. Re1 Rxe1 30.
Kxe1) 26... Rxe3 27. Re1 Rxe1 28. Kxe1 Be6 $15 {verhindert d4. Wit heeft het
nog steeds moeilijk.} 29. Kd2 {45'} g5 30. h3 $6 {Een Pavlov-reaktie.} ({
Beter was misschien om zo snel mogelijk op d4 aan te sturen met} 30. Kc3) 30...
Nd7 $2 {8'} ({Beter gewoon} 30... h5 {met zeer goede winstkansen. Een aardige
variant is dan} 31. Kc3 g4 (31... Bf5 $5) 32. hxg4 hxg4 33. Bc6 Nh5 34. d4 $2 (
34. Nd2 $17) 34... f3 35. gxf3 g3 36. f4 Nxf4 37. dxc5 $2 Bd5 $3) 31. Nc1 $6 {
43'} (31. Kc3) 31... Ne5 32. Be4 Kg7 {7'} 33. Ne2 h5 34. Nc3 $2 {41'} (34. b3
$15) 34... f3 $1 {5'} 35. Ke3 $6 {39'} (35. gxf3 {was misschien toch beter.})
35... fxg2 36. Bxg2 Bf5 $6 {3'} (36... Ng6 $1) 37. Bf1 $2 (37. Ne4 $15) 37...
Nc6 38. a3 {38'} a5 $4 {2' geeft a tempo pion b6 weg.} (38... Kf6) (38... Nd4)
39. Na4 {36' En tot ieders verbazing gaf mijn tegenstander hier volkomen
gedesillusioneerd op. (Ik heb 's avonds geen winst kunnen vinden). Desondanks
hebben we na afloop nog een tijdje de partij geanalyseerd, alleen niet de
eindstelling. Vervolgens hebben we in Krimpen gegeten in een voortreffelijk
Oriëntaals restaurant. Je kon daar onbeperkt halen aan een teppanyaki-buffet,
een sushi-bar en een Chinees buffet. Wij waren echter daar te lui voor en
bestelden gewoon à la carte. Tijdens de barre terugreis - bus, metro, metro,
trein, tram - kwam het goede nieuws door dat concurrent DD opnieuw verloren
had.} 1-0